| 000 | 01558cam a2200229 4500 | ||
|---|---|---|---|
| 001 | ##L131157 | ||
| 008 | 051004n2005 000 0 eng u | ||
| 020 | _a0954752775 | ||
| 035 | _a(Sirsi) u131157 | ||
| 041 | 0 | _aeng | |
| 050 | 0 | 4 | _a306.025 $2 18 |
| 100 | 1 | _aEvans, Alan W. | |
| 245 | 0 | 0 |
_aBigger better faster more _bwhy some countries plan better than others |
| 260 |
_aLondon _bPolicy Exchange _c2005 |
||
| 520 | _aThis new report from the Policy Exchange, the second in a series of three by these authors, looks at the housing development experience in Germany, Switzerland, Republic of Ireland and Australia. Whereas the localised fiscal and planning systems in Germany and Switzerland have led to large and affordable homes in green cities, the centralised planning systems in Ireland and Australia have contributed to skyrocketing house prices and restrictions on living space. The first report "Unaffordable housing - fables and myths" (ISBN 0954752767) showed that Britain's centralised system of planning restricts the supply of housing and the forthcoming, final report will apply the lessons learnt from the current study to the UK and produce a set of reforms aimed at giving Britain the housing it deserves. | ||
| 590 | _aIKA111005 | ||
| 650 |
_aAffordable housing _96215 |
||
| 690 | _aPROPERTY-RESIDENTIAL PROPERTY-RESIDENTIAL PROPERTY DEVELOPMENT | ||
| 700 | 1 | _aHartwich, Oliver Marc | |
| 856 | 4 | 0 |
_uhttps://www.policyexchange.org.uk/index.php?id=7 _zView both reports free of charge at www.policyexchange.org.uk... |
| 942 | _n0 | ||
| 999 |
_c104652 _d104652 |
||